| 000 | 00000nam##2200000za#4500 |
| 001 | 9.527661 |
| 003 | CaOODSP |
| 005 | 20200331224944 |
| 007 | ta |
| 008 | 150406|1996||||xxc||||| f|0| 0 fre|d |
| 020 | |a0-662-62550-1 |
| 040 | |aCaOODSP|bfre |
| 041 | |aeng |
| 041 | |afre |
| 043 | |an-cn--- |
| 086 | 1 |aSC94-62/15-1996 |
| 110 | 1 |aCanada.|bCentre canadien de gestion. |
| 245 | 10|aOrganismes de service spéciaux : |baspects financiers / |cpar John Dingwall. |
| 260 | |aOttawa - Ontario : |bCentre canadien de gestion |c1996. |
| 300 | |aTexte français, viii, 65p. ; |c28 cm. |
| 490 | 1 |aLes pratiques de gestion|vN° 15 |
| 500 | |aSommaire: Introduction.--Mécanismes de financement.--Exigences financières et questions budgétaires.--Questions relatives à l'établissement des prix.--Systèmes d'information.--Questions culturelles.--Conclusion.--Annexe A: Les fonds renouvelables.--Annexe B: Les organismes de service spéciaux au Manitoba. |
| 563 | |aReliure à anneaux |
| 590 | |a97-06|b1997-02-07 |
| 691 | 07|aGestion|2gcpds |
| 691 | 07|aFonction publique|2gcpds |
| 720 | 1 |aDingwall, John |
| 776 | 0#|tSpecial operating agencies : |w(CaOODSP)9.572889 |
| 776 | 0#|tOrganismes de service spéciaux : |w(CaOODSP)9.603136 |
| 791 | |tSpecial Operating Agencies : |eeng|w(CaOODSP)9.527660 |
| 830 | #0|aLes pratiques de gestion ;|vN° 15|w(CaOODSP)9.509637 |
| 986 | |aP69F |